000 00335nam a22001337a 4500
008 170616b xxu||||| |||| 00| 0 eng d
020 _a0385121865
041 _aeng
080 _a32
100 _a20
101 _aSHP
245 _aTHE FUTURE THAT DOESN'T WORK: SOCIAL DEMOCRACY'S FAILURES IN BRITAIN
_cTYRRELL,R.E
942 _2udc
_cBK
999 _c17766
_d17766